Africa in crisis : the causes, the cures of environmental bankruptcy. (2nd ed.) (Record no. 83765)

MARC details
000 -LEADER
fixed length control field 01435nam a2200313 a 4500
008 - FIXED-LENGTH DATA ELEMENTS--GENERAL INFORMATION
fixed length control field 120416s1988 ||||||||||||||||| || u
020 ## - INTERNATIONAL STANDARD BOOK NUMBER
International Standard Book Number 1853830135
050 ## - LIBRARY OF CONGRESS CALL NUMBER
Classification number GF 75 Tim
100 ## - MAIN ENTRY--PERSONAL NAME
Personal name Timberlake, Lloyd
245 10 - TITLE STATEMENT
Title Africa in crisis : the causes, the cures of environmental bankruptcy. (2nd ed.)
250 ## - EDITION STATEMENT
Edition statement 2nd ed.
260 ## - PUBLICATION, DISTRIBUTION, ETC.
Place of publication, distribution, etc. London
Name of publisher, distributor, etc. Earthscan Publications
Date of publication, distribution, etc. 1988
300 ## - PHYSICAL DESCRIPTION
Extent xiv, 203p.
350 ## -
-- 0.00
490 ## -
-- An Earthscan book
500 ## - GENERAL NOTE
General note Includes bibliographical references (p. 197-203).
650 ## - SUBJECT ADDED ENTRY--TOPICAL TERM
Topical term or geographic name entry element FAMINE
650 ## - SUBJECT ADDED ENTRY--TOPICAL TERM
Topical term or geographic name entry element Peasantry--Africa
650 ## - SUBJECT ADDED ENTRY--TOPICAL TERM
Topical term or geographic name entry element LAND USE, RURAL--AFRICA
650 ## - SUBJECT ADDED ENTRY--TOPICAL TERM
Topical term or geographic name entry element APARTHEID--SOUTH AFRICA
650 ## - SUBJECT ADDED ENTRY--TOPICAL TERM
Topical term or geographic name entry element FAMINES--AFRICA
650 #0 - SUBJECT ADDED ENTRY--TOPICAL TERM
Topical term or geographic name entry element AGRICULTURE AND STATE--AFRICA
650 ## - SUBJECT ADDED ENTRY--TOPICAL TERM
Topical term or geographic name entry element FOOD SUPPLY--AFRICA
700 ## - ADDED ENTRY--PERSONAL NAME
Personal name Tinker, Jon
995 ## -
-- MAIN LIBRARY OPEN ACCESS
-- 0.00
-- 721344
-- CBU-MAIN LIBRARY (Kitwe)
-- 3
-- 5.95
-- GF 75 Tim
-- 3
-- AVAILABLE
-- 002481
-- Main Library Open Access Collection
995 ## -
-- MAIN LIBRARY OPEN ACCESS
-- 0.00
-- 724572
-- CBU-MAIN LIBRARY (Kitwe)
-- 2
-- 5.95
-- GF 75 Tim
-- 2
-- AVAILABLE
-- 002480
-- Main Library Open Access Collection
995 ## -
-- MAIN LIBRARY OPEN ACCESS
-- 0.00
-- 724235
-- CBU-MAIN LIBRARY (Kitwe)
-- 1
-- 5.95
-- GF 75 Tim
-- 4
-- AVAILABLE
-- 002482
-- Main Library Open Access Collection
995 ## -
-- MAIN LIBRARY OPEN ACCESS
-- 0.00
-- 724234
-- CBU-MAIN LIBRARY (Kitwe)
-- 4
-- 5.95
-- GF 75 Tim
-- 1
-- AVAILABLE
-- 002479
-- Main Library Open Access Collection
999 ## -
-- 83765
-- 83765
Holdings
Withdrawn status Lost status Source of classification or shelving scheme Damaged status Not for loan Permanent Location Current Location Shelving location Date acquired Total Checkouts Full call number Barcode Date last seen Copy number Price effective from Koha item type
          CBU-MAIN LIBRARY, KITWE. CBU-MAIN LIBRARY, KITWE.   01/08/2024   GF 75 Tim 002481 01/08/2024 1 01/08/2024 MONOGRAPH
          CBU-MAIN LIBRARY, KITWE. CBU-MAIN LIBRARY, KITWE.   01/08/2024   GF 75 Tim 002480 01/08/2024 2 01/08/2024 MONOGRAPH
          CBU-MAIN LIBRARY, KITWE. CBU-MAIN LIBRARY, KITWE.   01/08/2024   GF 75 Tim 002482 01/08/2024 3 01/08/2024 MONOGRAPH
          CBU-MAIN LIBRARY, KITWE. CBU-MAIN LIBRARY, KITWE.   01/08/2024   GF 75 Tim 002479 01/08/2024 4 01/08/2024 MONOGRAPH